000 00267nam a22001217a 4500
008 171215b xxu||||| |||| 00| 0 eng d
041 _aeng
080 _a94
100 _a16
101 _aHIS
245 _aCLASSICS OF WESTERN THOUGH
_cNULLE.S.H
942 _2udc
_cBK
999 _c39026
_d39026